Podpora duálneho vzdelávania na Ekonomickej univerzite v Bratislave

Prepájanie teórie s praxou je čoraz dôležitejším prvkom nielen na zahraničných vysokých školách a univerzitách, ale aj na Slovensku. Vypracovanie a návrh komunikácie pre spoločnosť IBM v rámci Ekonomickej univerzity v Bratislave prostredníctvom výučbového predmetu IBM Academy.

Guardado en:
Detalles Bibliográficos
Autor principal: Nekolová, Veronika, 1984-
Otros Autores: Pastuchová, Alena, Pavlíčková, Lenka
Formato: Capítulo de libro
Lenguaje:eslovaco
Materias:
Etiquetas: Agregar Etiqueta
Sin Etiquetas, Sea el primero en etiquetar este registro!

MARC

LEADER 00000nla a2200000 4500
001 0223495
005 20240502073645.6
041 0 |a slo 
044 |a SK 
245 1 0 |a Podpora duálneho vzdelávania na Ekonomickej univerzite v Bratislave  |c Veronika Nekolová, Alena Pastuchová, Lenka Pavlíčková 
520 |a Prepájanie teórie s praxou je čoraz dôležitejším prvkom nielen na zahraničných vysokých školách a univerzitách, ale aj na Slovensku. Vypracovanie a návrh komunikácie pre spoločnosť IBM v rámci Ekonomickej univerzity v Bratislave prostredníctvom výučbového predmetu IBM Academy. 
610 2 0 |a vzdelávanie duálne 
610 2 0 |a vzdelávanie vysokoškolské 
610 2 0 |a programy študijné 
610 2 0 |a štúdium vysokoškolské 
610 2 0 |a univerzity 
610 2 0 |a školy vysoké 
610 2 0 |a Slovensko 
100 1 |a Nekolová, Veronika, 1984- 
700 1 |a Pastuchová, Alena 
700 1 |a Pavlíčková, Lenka